000 00964nmc a2200349 a 4500
003 AR-BaBNM
005 20251128205954.0
008 018119s1996 ||||||||||||||000 | spa||
020 _a950-765-045-8
040 _cAR-BaBNM
100 1 _aSukach, Jim
245 1 0 _a¿Quién lo hizo?
260 _aBuenos Aires
_bJuegos
_c1996
300 _a94 p.
_bil.
490 0 _aGente de mente
_vv. 2
500 _aContiene soluciones en p. 89
650 4 _aJUEGO
650 4 _aJUEGOS EDUCATIVOS
650 4 _aLIBROS PARA NINOS
650 4 _aJUEGO [METODO DE ENSENANZA]
650 4 _aMETODOS ACTIVOS
650 4 _aACTIVIDADES DE APRENDIZAJE
650 4 _aPRUEBAS DE INTELIGENCIA
653 _aGENERO POLICIAL
700 1 _aCorvino, Lucy
_eilustrador
700 1 _aUribe, Diego
_eeditor
700 1 _aGandolfo, Elvio E.
_etraductor
800 1 _aPoniachik, Jaime
_edirector
800 1 _aSamoilovich, Daniel
_edirector
942 _cBK
998 _cMARTIN
999 _c13547
_d13547